Statistics for Former Flags of Europe Map Quiz

Click here to take the quiz!

General Stats

  • This quiz has been taken 661 times
  • The average score is 20 of 45

Answer Stats

Answer % Correct
France
84%
Sweden
69%
Albania
67%
Luxembourg
65%
Italy
62%
Kosovo
61%
Belarus
60%
Switzerland
59%
Ireland
59%
United Kingdom
56%
Finland
56%
Portugal
56%
Bulgaria
55%
Vatican City
55%
Germany
55%
Spain
52%
Netherlands
52%
Slovenia
52%
Slovakia
50%
Romania
50%
Croatia
48%
Belgium
45%
Macedonia
44%
Monaco
43%
Liechtenstein
43%
Norway
43%
Hungary
42%
Serbia
40%
Greece
38%
Iceland
38%
Austria
36%
Poland
34%
Andorra
30%
Malta
29%
Denmark
29%
Russia
27%
Estonia
27%
Latvia
26%
Moldova
26%
Montenegro
25%
Lithuania
22%
Bosnia and Herzegovina
22%
Czech Republic
17%
Ukraine
17%
San Marino
14%

Score Distribution

Percentile by Number Answered

Percent of People with Each Score

Your Score History

You have not taken this quiz